00609nam a2200169 i 450000100060000000300090000600500170001500700030003200800410003510000370007624500710011326000530018430000320023785200320026999900170030195201210031899573ES-MaACL20230906182523.0t|050913s1959 sp ||||1| spa d1 aMartínez, Pedro Javier.97779410aNegro b: (poemas a una novia muerta) / cPedro Javier Martínez. aBarcelona : b[s.n.], c1959 (fGráf. Suñol) a25 p., 14 lám. ; c21 cm. aES-MaACLjC-16186 bR.44084 c99573d99573 00104070aATENEOMbATENEOMcFICHd2008-01-17eSCl0oC-16186p1103970r2023-02-23 00:00:00w2023-02-23yMONOGRAFIA